[Event "Henriquez Urena Memorial 1st"]
[Site "Santo Domingo"]
[Date "2022.09.18"]
[Round "4"]
[White "Ferreira Fernandez, Sergio"]
[Black "Martinez, Julio"]
[Result "0-1"]
[WhiteElo "2119"]
[BlackElo "2122"]
[PlyCount "100"]
[EventDate "2022.09.16"]
[EventType "swiss"]
[EventRounds "9"]
[EventCountry "DOM"]
[SourceTitle "CBM 210 Extra"]
[Source "ChessBase"]
[SourceDate "2022.11.30"]
[SourceVersion "1"]
[SourceVersionDate "2022.11.30"]
[SourceQuality "1"]

1. d4 e6 2. c4 d5 3. Nf3 Nf6 4. g3 Be7 5. Bg2 0-0 6. 0-0 c6 7. Nc3 Nbd7 8. Qd3 dxc4 9. Qxc4 Nb6 10. Qb3 a5 11. a3 Nbd5 12. Rd1 Qb6 13. Qxb6 Nxb6 14. e4 c5 15. dxc5 Bxc5 16. h3 Bd7 17. Ne5 Be8 18. Nd3 Bd4 19. Ne2 Ba4 20. Rd2 Nc4 21. Nxd4 Rad8 22. Re2 Rxd4 23. Nc5 Rd1+ 24. Kh2 Bc6 25. Rc2 Ne5 26. f4 Ned7 27. Nxd7 Nxd7 28. e5 Bxg2 29. Kxg2 Nb6 30. b4 a4 31. Bb2 Rd3 32. Rac1 h5 33. g4 Nd5 34. Rf2 hxg4 35. hxg4 Ne3+ 36. Kg1 Rfd8 37. Re2 Nxg4 38. Rc7 Rg3+ 39. Kf1 Rd1+ 40. Re1 Rd2 41. Re2 Rf3+ 42. Kg2 Rdd3 43. Rxb7 Rh3 44. Kg1 Rd1+ 45. Kg2 Rh2+ 46. Kf3 Rf1+ 47. Kxg4 Rxe2 48. Bd4 Rg2+ 49. Kh3 Rg6 50. Kh2 Rxf4 0-1

[Event "Santo Domingo AES Cup 2nd"]
[Site "Santo Domingo"]
[Date "2012.12.06"]
[Round "8"]
[White "Martinez, Julio"]
[Black "Estevez Polanco, Leonardo Rafael"]
[Result "1/2-1/2"]
[WhiteElo "1994"]
[BlackElo "2179"]
[PlyCount "62"]
[EventDate "2012.12.01"]
[EventType "swiss"]
[EventRounds "9"]
[EventCountry "DOM"]
[SourceTitle "CBM 151 Extra"]
[Source "ChessBase"]
[SourceDate "2012.12.18"]
[SourceVersion "1"]
[SourceVersionDate "2012.12.18"]
[SourceQuality "1"]

1. e4 e5 2. Nf3 Nc6 3. Bc4 Bc5 4. d3 Nf6 5. 0-0 d6 6. Bg5 h6 7. Bxf6 Qxf6 8. c3 Bg4 9. Nbd2 Bb6 10. b4 0-0 11. a4 a5 12. b5 Ne7 13. Qb3 Ng6 14. Rfe1 Nf4 15. Ra2 Nh3+ 16. Kf1 Nf4 17. Kg1 Nh3+ 18. Kf1 Nf4 19. Kg1 Rad8 20. d4 Kh8 21. Be2 Nxe2+ 22. Rxe2 Kg8 23. h3 Bc8 24. dxe5 dxe5 25. Qc2 Be6 26. Ra1 Rd6 27. c4 Bd4 28. Rd1 Rfd8 29. Kh1 Kh8 30. Nb3 Bb6 31. Rxd6 Rxd6 1/2-1/2

[Event "DOM-ch"]
[Site "Santo Domingo"]
[Date "2010.04.17"]
[Round "6"]
[White "Martinez, Julio"]
[Black "Mazara Ruiz, Adan Manuel"]
[Result "0-1"]
[WhiteElo "1916"]
[BlackElo "2264"]
[PlyCount "60"]
[EventDate "2010.04.09"]
[EventType "swiss"]
[EventRounds "11"]
[EventCountry "DOM"]
[SourceTitle "EXT 2012"]
[Source "ChessBase"]
[SourceDate "2011.11.24"]
[SourceVersion "1"]
[SourceVersionDate "2011.11.24"]
[SourceQuality "1"]

1. d4 Nf6 2. c4 g6 3. Nc3 Bg7 4. e4 d6 5. f3 0-0 6. Be3 a6 7. Qd2 Nbd7 8. Nge2 c5 9. Ng3 h5 10. Bd3 cxd4 11. Bxd4 Ne5 12. Be3 b5 13. cxb5 Nxd3+ 14. Qxd3 axb5 15. Nxb5 Nd7 16. Qb3 Ne5 17. 0-0 Be6 18. Qc2 Bc4 19. Nc3 Bd3 20. Qc1 Bxf1 21. Nxf1 Nc4 22. b3 Nxe3 23. Qxe3 Qa5 24. Rc1 Rfc8 25. Nd5 Rxc1 26. Qxc1 e6 27. Nde3 Qxa2 28. Qc4 Qb2 29. Kh1 Ra1 30. h4 Qf2 0-1

[Event "DOM-ch"]
[Site "Santo Domingo"]
[Date "2010.04.10"]
[Round "3"]
[White "Velez Espiritusantos, Brunildo E"]
[Black "Martinez, Julio"]
[Result "1/2-1/2"]
[WhiteElo "2152"]
[BlackElo "1916"]
[PlyCount "107"]
[EventDate "2010.04.09"]
[EventType "swiss"]
[EventRounds "11"]
[EventCountry "DOM"]
[SourceTitle "EXT 2012"]
[Source "ChessBase"]
[SourceDate "2011.11.24"]
[SourceVersion "1"]
[SourceVersionDate "2011.11.24"]
[SourceQuality "1"]

1. d4 Nf6 2. c4 c5 3. d5 e6 4. dxe6 fxe6 5. Nc3 Be7 6. e4 Nc6 7. Nf3 0-0 8. Be2 a6 9. 0-0 Qc7 10. h3 b6 11. Bg5 Bb7 12. Bh4 Bd6 13. Bg5 Ne5 14. Nd2 Ng6 15. Bf3 h6 16. Be3 Nf4 17. Qc2 Be5 18. Rae1 Nh7 19. Ne2 Ng5 20. Nxf4 Nxf3+ 21. Nxf3 Bxf4 22. Nd2 Rf6 23. Qd3 Raf8 24. b3 Bc6 25. Re2 Qe5 26. Bxf4 Qxf4 27. Qe3 d5 28. exd5 Qxe3 29. Rxe3 exd5 30. cxd5 Bxd5 31. f3 Re6 32. Rfe1 Rfe8 33. Kf2 Kf7 34. g3 b5 35. a3 a5 36. h4 c4 37. bxc4 bxc4 38. Rxe6 Rxe6 39. Rxe6 Kxe6 40. Nb1 Kd6 41. Ke3 Kc5 42. Nc3 Bc6 43. g4 g6 44. f4 Bd7 45. Ne4+ Kc6 46. Nf6 Be6 47. g5 hxg5 48. fxg5 Bf5 49. Kd4 Kb5 50. h5 gxh5 51. Nxh5 Ka4 52. Kxc4 Kxa3 53. Ng3 Bg6 54. Ne2 1/2-1/2